| Tag |
First Indicator |
Second Indicator |
Subfields |
| LEADER |
00000cgm a2200000 a 4500 |
| 001 |
in00000771213 |
| 005 |
20151017052113.0 |
| 007 |
vf bbaho| |
| 008 |
870522p19851934xxu086 g 0000vleng d |
| 035 |
|
|
|a (OCoLC)15724038
|
| 035 |
|
|
|9 ADK8817AM
|
| 040 |
|
|
|a TMN
|c TMN
|d TXA
|d UtOrBLW
|
| 049 |
|
|
|a TXAV [A10145948]
|
| 090 |
|
|
|a PN1995.9.C55
|b S66 1985
|
| 245 |
0 |
0 |
|a Sons of the desert /
|c MGM produced by Hal Roach ; directed by William A. Seiter ; story by Frank Craven.
|
| 264 |
|
1 |
|a Los Angeles, CA :
|b Nostalgia Merchant,
|c [1985?]
|
| 300 |
|
|
|a 1 videocassette (86 min.) :
|b sound, black and white ;
|c 1/2 in.
|
| 336 |
|
|
|a two-dimensional moving image
|b tdi
|2 rdacontent
|
| 337 |
|
|
|a video
|b v
|2 rdamedia
|
| 338 |
|
|
|a videocassette
|b vf
|2 rdacarrier
|
| 538 |
|
|
|a VHS format.
|
| 511 |
0 |
|
|a Stan Laurel, Oliver Hardy, Charlie Chase, Mae Bush, Dorothy Christy.
|
| 502 |
|
|
|a Photography, Kenneth Peach ; film editor, Bert Jordan.
|
| 500 |
|
|
|a Videocassette release of the 1934 motion picture.
|
| 500 |
|
|
|a Also includes a Thelma Todd and Patsy Kelly short, Top Flat.
|
| 520 |
|
|
|a The boys try to get away from their wives to attend a national convention of "The Son of the Desert".
|
| 500 |
|
|
|a "M4001."
|
| 500 |
|
|
|a Videorecording.
|
| 650 |
|
0 |
|a Comedy films.
|
| 700 |
1 |
|
|a Hardy, Oliver,
|d 1892-1957.
|
| 700 |
1 |
|
|a Laurel, Stan.
|
| 700 |
1 |
|
|a Chase, Charley,
|d 1893-1940.
|
| 710 |
2 |
|
|a Metro-Goldwyn-Mayer.
|
| 710 |
2 |
|
|a Nostalgia Merchant (Firm)
|
| 740 |
0 |
|
|a Laurel and Hardy in Sons of the desert.
|
| 999 |
|
|
|a MARS
|
| 999 |
f |
f |
|s b32489f1-97f1-3baa-baf6-18a547c36043
|i e8a3b718-e656-3876-acba-351f5084a4ac
|t 0
|